| 000 | 01376nam a2200349 a 4500 | ||
|---|---|---|---|
| 001 | ebr10194136 | ||
| 003 | CaPaEBR | ||
| 006 | m u | ||
| 007 | cr cn||||||||| | ||
| 008 | 061102s2007 nyu sb 001 0 eng | ||
| 010 | _z 2006036370 | ||
| 020 | _z1403979693 (alk. paper) | ||
| 020 | _z9781403979698 (alk. paper) | ||
| 040 |
_aCaPaEBR _cCaPaEBR |
||
| 035 | _a(OCoLC)647663740 | ||
| 050 | 1 | 4 |
_aHB99.5 _b.R64 2007eb |
| 082 | 0 | 4 |
_a330 _222 |
| 100 | 1 | _aRodriguez, Jacob P. | |
| 245 | 1 | 4 |
_aThe cost of institutions _h[electronic resource] : _binformation and freedom in expanding economies / _cJacob P. Rodriguez, Steven R. Loomis, and Joseph G. Weeres. |
| 250 | _a1st ed. | ||
| 260 |
_aNew York : _bPalgrave Macmillan, _c2007. |
||
| 300 | _aviii, 198 p. | ||
| 504 | _aIncludes bibliographical references (p. [179]-187) and index. | ||
| 533 |
_aElectronic reproduction. _bPalo Alto, Calif. : _cebrary, _d2013. _nAvailable via World Wide Web. _nAccess may be limited to ebrary affiliated libraries. |
||
| 650 | 0 | _aInstitutional economics. | |
| 650 | 0 | _aKnowledge management. | |
| 655 | 7 |
_aElectronic books. _2local |
|
| 700 | 1 | _aLoomis, Steven R. | |
| 700 | 1 |
_aWeeres, Joseph G., _d1939- |
|
| 710 | 2 | _aebrary, Inc. | |
| 856 | 4 | 0 |
_uhttp://site.ebrary.com/lib/rucke/Doc?id=10194136 _zAn electronic book accessible through the World Wide Web; click to view |
| 999 |
_c221293 _d221293 |
||